Roman frontier archaeology - in Britain and beyond : papers in honour of Paul Bidwell presented on the occasion of the 30th annual conference of the Arbeia Society /
Contributions by leading archaeologists and historians pay tribute to Paul Bidwell, admired for his ground-breaking work both in the south-west and the military north of Roman Britain. This collection will be essential reading for anyone with an interest in either the civil or military aspects of Ro...
مؤلف مشترك:
مؤلفون آخرون: , ,
التنسيق: كتاب الكتروني
اللغة: English
منشور في:
Oxford :
Archaeopress Publishing Ltd,
2022.
سلاسل:
Archaeopress Roman archaeology ;
92.
الموضوعات:
الوصول للمادة أونلاين: Login to view Source
الوسوم: إضافة وسم
رقم الطلب: DA145
| LEADER | 02275nam a2200457 i 4500 | ||
|---|---|---|---|
| 001 | EDZ0002945637 | ||
| 003 | StDuBDS | ||
| 005 | 20230412183441.0 | ||
| 006 | m|||||o||d|||||||| | ||
| 007 | cr ||||||||||| | ||
| 008 | 221219s2022 enkab fob 000|0|eng|d | ||
| 020 | |a 9781803273457 (PDF ebook) : |c No price | ||
| 040 | |a StDuBDS |b eng |c StDuBDS |e rda |e pn | ||
| 050 | 4 | |a DA145 | |
| 082 | 0 | 4 | |a 936.104 |2 23 |
| 245 | 0 | 0 | |a Roman frontier archaeology - in Britain and beyond : |b papers in honour of Paul Bidwell presented on the occasion of the 30th annual conference of the Arbeia Society / |c edited by Nick Hodgson and Bill Griffiths. |
| 264 | 1 | |a Oxford : |b Archaeopress Publishing Ltd, |c 2022. | |
| 300 | |a 1 online resource (371 pages) : |b illustrations (black and white, and colour), maps (black and white). | ||
| 336 | |a text |2 rdacontent | ||
| 336 | |a still image |2 rdacontent | ||
| 336 | |a cartographic image |2 rdacontent | ||
| 337 | |a computer |2 rdamedia | ||
| 338 | |a online resource |2 rdacarrier | ||
| 490 | 1 | |a Archaeopress Roman archaeology ; |v 92 | |
| 500 | |a Also issued in print: 2022. | ||
| 504 | |a Includes bibliographical references. | ||
| 506 | 0 | |a Open access. | |
| 520 | 8 | |a Contributions by leading archaeologists and historians pay tribute to Paul Bidwell, admired for his ground-breaking work both in the south-west and the military north of Roman Britain. This collection will be essential reading for anyone with an interest in either the civil or military aspects of Roman Britain, or the frontiers of the Roman empire. | |
| 521 | |a Specialized. | ||
| 588 | |a Description based on online resource; title from PDF title page (viewed on December 19, 2022). | ||
| 651 | 0 | |a Great Britain |x History |y Roman period, 55 B.C.-449 A.D. | |
| 700 | 1 | |a Bidwell, Paul T., |e honouree. | |
| 700 | 1 | |a Hodgson, Nick, |c Dr., |e editor. | |
| 700 | 1 | |a Griffiths, Bill, |e editor. | |
| 710 | 2 | |a Arbeia/Quinta Society, |e associated with work. | |
| 776 | 0 | 8 | |i Print version : |z 9781803273440 |
| 830 | 0 | |a Archaeopress Roman archaeology ; |v 92. | |
| 856 | 4 | 0 | |u http://library.arce.org:8087/Archaeopress/Products/9781803273440 |
| 942 | |2 lcc |c EBOOK | ||
| 952 | |0 0 |1 0 |4 0 |6 DA0145 |7 1 |9 47003 |a ARCH |b ARCH |d 2023-04-12 |l 0 |o DA145 |r 2023-04-12 00:00:00 |w 2023-04-12 |y EBOOK | ||
| 999 | |c 52661 |d 52661 | ||
